Principles of modern chemistry. : (رقم التسجيلة. 29878)
[ عرض عادي ]
| 000 -الفاتح | |
|---|---|
| حقل البيانات ثابتة الطول | 00992nam a22002897a 4500 |
| 003 - محدد رقم الضبط | |
| رقم الضبط | OSt |
| 005 - وقت وتاريخ اخر تعامل مع التسجيلة | |
| رقم الضبط | 20150408114133.0 |
| 008 - عناصر البيانات ثابتة الطول - معلومات عامة | |
| حقل البيانات ثابتة الطول | 130427s 2012xxu||||f |||| 00| 0 eng d |
| 020 ## - الرقم الدولى المعيارى للكتب | |
| الرقم الدولى المعيارى للكتاب | 9781111427832 |
| 040 ## - مصدر الفهرسة | |
| وكالة الفهرسة الأصلية | Ma-ua |
| 082 ## - رقم تصنيف ديوى العشرى | |
| رقم الطبعة | 22 |
| رقم التصنيف | 540 |
| رقم المادة | ODP |
| 100 ## - المدخل الرئيسى - إسم شخصى | |
| الإسم الشخصى | Oxtoby, David W. |
| 9 (RLIN) | 35659 |
| 245 ## - بيان العنوان | |
| العنوان | Principles of modern chemistry. : |
| بقية العنوان | David W. Oxtoby, H.P. Gillis, Alan Campion ; images of orbitals in chapters 4, 5, 6, and 8 contributed by Hatem H. Helal, Kelly P. Gaither. |
| بيان المسئوليه,etc | Oxtoby, David W. |
| 250 ## - بيان الطبعة | |
| بيان الطبعة | 7th ed. |
| 260 ## - PUBLICATION, DISTRIBUTION, ETC. (IMPRINT) | |
| مكان الناشر او الموزع | Pacific Grove, Calif. : |
| اسم الناشر او الموزع | Brooks Cole Cengage Learning, |
| تاريخ النشر أو التوزيع | 2012. |
| 300 ## - الوصف المادى | |
| التعداد | xxxvii, 1132, A79, I30 p. : |
| 500 ## - تبصرة عامة | |
| تبصرة عامة | Previous ed.: 2007. |
| 500 ## - تبصرة عامة | |
| تبصرة عامة | Includes index. |
| 500 ## - تبصرة عامة | |
| تبصرة عامة | "International edition"-Cover. |
| 500 ## - تبصرة عامة | |
| تبصرة عامة | Formerly CIP. |5 Uk |
| 650 ## - المدخل الاضافى بالموضوع-مصطلح موضوعى | |
| مصطلح موضوعي أو اسم جغرافي كعنصر مدخل | Chemistry. |
| 700 ## - المدخل الاضافى - اسم شخصى | |
| الإسم الشخصى | Gillis, H. P. |
| 9 (RLIN) | 35660 |
| 700 ## - المدخل الاضافى - اسم شخصى | |
| الإسم الشخصى | Campion, Alan. |
| 9 (RLIN) | 35661 |
| 700 ## - المدخل الاضافى - اسم شخصى | |
| الإسم الشخصى | Helal, Hatem H. |
| 9 (RLIN) | 35662 |
| 700 ## - المدخل الاضافى - اسم شخصى | |
| الإسم الشخصى | Gaither, Kelly P. |
| 9 (RLIN) | 35663 |
| 942 ## - عناصر المدخل الإضافي( كوها) | |
| مصدر التصنيف او مخطط الترفيف | Dewey Decimal Classification |
| Koha [default] item type | كتاب |
| حالة الفقد | نموذج السعر الفعال | حالة تلف | ليس للاعارة | رقم الطلب | رقم النسخة | تاريخ الاكتساب | الموقع الحالي | الباركود | الفرع الرئيسي | Date last seen | نوع المادة فى نظام كوها | مصدر التصنيف او خطة الترفيف | Total Checkouts | Total Renewals | Date last checked out |
|---|---|---|---|---|---|---|---|---|---|---|---|---|---|---|---|
| 2013-04-27 | Not For Loan | 540 ODP | 1 | 2013-04-27 | المكتبة المركزية بالمجمعة (CL) | 00306901 | المكتبة المركزية بالمجمعة (CL) | 2013-04-27 | كتاب | Dewey Decimal Classification | |||||
| 2013-04-27 | 540 ODP | 2 | 2013-04-27 | المكتبة المركزية بالمجمعة (CL) | 00306900 | المكتبة المركزية بالمجمعة (CL) | 2013-04-27 | كتاب | Dewey Decimal Classification | ||||||
| 2013-04-27 | 540 ODP | 3 | 2013-04-27 | المكتبة المركزية بالمجمعة (CL) | 00306899 | المكتبة المركزية بالمجمعة (CL) | 2013-04-27 | كتاب | Dewey Decimal Classification | ||||||
| 2013-10-16 | Not For Loan | 540 ODP | 1 | 2013-10-16 | المكتبة المركزية بالمجمعة (CL) | 00206403 | المكتبة المركزية بالمجمعة (CL) | 2013-10-16 | كتاب | Dewey Decimal Classification | |||||
| 2013-10-16 | 540 ODP | 2 | 2013-10-16 | المكتبة المركزية بالمجمعة (CL) | 00206404 | المكتبة المركزية بالمجمعة (CL) | 2013-10-16 | كتاب | Dewey Decimal Classification | ||||||
| 2013-10-16 | 540 ODP | 3 | 2013-10-16 | المكتبة المركزية بالمجمعة (CL) | 00206405 | المكتبة المركزية بالمجمعة (CL) | 2018-05-14 | كتاب | Dewey Decimal Classification | 1 | 1 | 2015-01-19 | |||
| 2013-04-27 | Not For Loan | 540 ODP | 1 | 2013-04-27 | مكتبة كلية العلوم و الدراسات الإنسانية برماح - طالبات (SRF) | 00306898 | مكتبة كلية العلوم و الدراسات الإنسانية برماح - طالبات (SRF) | 2013-04-27 | كتاب | Dewey Decimal Classification | |||||
| 2013-04-27 | 540 ODP | 2 | 2013-04-27 | مكتبة كلية العلوم و الدراسات الإنسانية برماح - طالبات (SRF) | 00306897 | مكتبة كلية العلوم و الدراسات الإنسانية برماح - طالبات (SRF) | 2013-04-27 | كتاب | Dewey Decimal Classification | ||||||
| 2013-04-27 | 540 ODP | 3 | 2013-04-27 | مكتبة كلية العلوم و الدراسات الإنسانية برماح - طالبات (SRF) | 00306896 | مكتبة كلية العلوم و الدراسات الإنسانية برماح - طالبات (SRF) | 2013-04-27 | كتاب | Dewey Decimal Classification | ||||||
| 2013-04-27 | Not For Loan | 540 ODP | 1 | 2013-04-27 | مكتبة كلية العلوم و الدراسات الإنسانية برماح - طلاب (SRM) | 00306895 | مكتبة كلية العلوم و الدراسات الإنسانية برماح - طلاب (SRM) | 2013-04-27 | كتاب | Dewey Decimal Classification | |||||
| 2013-04-27 | 540 ODP | 2 | 2013-04-27 | مكتبة كلية العلوم و الدراسات الإنسانية برماح - طلاب (SRM) | 00306894 | مكتبة كلية العلوم و الدراسات الإنسانية برماح - طلاب (SRM) | 2013-04-27 | كتاب | Dewey Decimal Classification | ||||||
| 2013-04-27 | 540 ODP | 3 | 2013-04-27 | مكتبة كلية العلوم و الدراسات الإنسانية برماح - طلاب (SRM) | 00306893 | مكتبة كلية العلوم و الدراسات الإنسانية برماح - طلاب (SRM) | 2013-04-27 | كتاب | Dewey Decimal Classification | ||||||
| 2013-08-05 | Not For Loan | 540 ODP | 1 | 2013-08-05 | مكتبة مجمع الكليات بالزلفى - طلاب (SZM) | 00206220 | مكتبة مجمع الكليات بالزلفى - طلاب (SZM) | 2013-08-05 | كتاب | Dewey Decimal Classification | |||||
| 2013-08-05 | 540 ODP | 2 | 2013-08-05 | مكتبة مجمع الكليات بالزلفى - طلاب (SZM) | 00206221 | مكتبة مجمع الكليات بالزلفى - طلاب (SZM) | 2013-08-05 | كتاب | Dewey Decimal Classification |
